<?xml version="1.0" encoding="UTF-8"?>
<record
    xmlns:xsi="http://www.w3.org/2001/XMLSchema-instance"
    xsi:schemaLocation="http://www.loc.gov/MARC21/slim http://www.loc.gov/standards/marcxml/schema/MARC21slim.xsd"
    xmlns="http://www.loc.gov/MARC21/slim">

  <leader>04433nam a2200517 a 4500</leader>
  <controlfield tag="001">dia_7825</controlfield>
  <controlfield tag="003">CHAP</controlfield>
  <controlfield tag="005">20240620174238.0</controlfield>
  <controlfield tag="007">ta</controlfield>
  <controlfield tag="008">220601s2018    mx d   frm    001 0 spa d</controlfield>
  <datafield tag="040" ind1=" " ind2=" ">
    <subfield code="a">mxchpua</subfield>
    <subfield code="c">CHAP</subfield>
    <subfield code="e">rda</subfield>
  </datafield>
  <datafield tag="041" ind1="0" ind2=" ">
    <subfield code="a">spa</subfield>
    <subfield code="b">eng</subfield>
  </datafield>
  <datafield tag="090" ind1=" " ind2=" ">
    <subfield code="a">Tesis </subfield>
    <subfield code="b">R637 </subfield>
    <subfield code="c">2018</subfield>
  </datafield>
  <datafield tag="100" ind1="1" ind2=" ">
    <subfield code="a">Rodr&#xED;guez Rodr&#xED;guez, Wendy</subfield>
  </datafield>
  <datafield tag="245" ind1="1" ind2="0">
    <subfield code="a">Evaluaci&#xF3;n de las propiedades mec&#xE1;nico - sensoriales de productos tipo gel a partir de s&#xE1;bila (Aloe vera) y chocolate /</subfield>
    <subfield code="c">Wendy Rodr&#xED;guez Rodr&#xED;guez</subfield>
  </datafield>
  <datafield tag="264" ind1=" " ind2=" ">
    <subfield code="a">Chapingo, M&#xE9;xico :</subfield>
    <subfield code="b">El autor,</subfield>
    <subfield code="c">2018</subfield>
  </datafield>
  <datafield tag="300" ind1=" " ind2=" ">
    <subfield code="a">vi, 67 hojas :</subfield>
    <subfield code="b">gr&#xE1;ficas, tablas +</subfield>
    <subfield code="e">1 CD-ROM</subfield>
  </datafield>
  <datafield tag="336" ind1=" " ind2=" ">
    <subfield code="2">rdacontent</subfield>
    <subfield code="a">texto</subfield>
    <subfield code="b">txt</subfield>
  </datafield>
  <datafield tag="337" ind1=" " ind2=" ">
    <subfield code="2">rdamedia</subfield>
    <subfield code="a">no mediado</subfield>
    <subfield code="b">n</subfield>
  </datafield>
  <datafield tag="338" ind1=" " ind2=" ">
    <subfield code="2">rdacarrier</subfield>
    <subfield code="a">volumen</subfield>
    <subfield code="b">nc</subfield>
  </datafield>
  <datafield tag="500" ind1=" " ind2=" ">
    <subfield code="a">El CD contiene art&#xED;culo y reporte</subfield>
  </datafield>
  <datafield tag="502" ind1=" " ind2=" ">
    <subfield code="a">Tesis </subfield>
    <subfield code="b">(Ingeniero Agroindustrial) --</subfield>
    <subfield code="c">UACh. Departamento de Ingenier&#xED;a Agroindustrial, </subfield>
    <subfield code="d">2018</subfield>
  </datafield>
  <datafield tag="504" ind1=" " ind2=" ">
    <subfield code="a">Bibliograf&#xED;a: hojas 60-67</subfield>
  </datafield>
  <datafield tag="520" ind1="3" ind2=" ">
    <subfield code="a">La posibilidad de elaborar un producto tipo gel utilizando s&#xE1;bila (Aloe vera) y chocolate fue desarrollado y asimismo determinadas sus propiedades mec&#xE1;nicosensoriales. Se dise&#xF1;aron 4 formulaciones para la elaboraci&#xF3;n los geles con una mezcla de pectina, grenetina y s&#xE1;bila en los cuales se realiz&#xF3; un an&#xE1;lisis proximal y una evaluaci&#xF3;n sensorial para evaluar los atributos de aroma, color, untabilidad, grumosidad, sabor, textura, adhesividad, sabor residual, as&#xED; como una prueba de aceptaci&#xF3;n global. Adem&#xE1;s, a los geles se les adiciono metabisulfito y benzoato de sodio para comparar las caracter&#xED;sticas texturales a los 1, 5 y 10 d&#xED;as a trav&#xE9;s de un an&#xE1;lisis instrumental de textura a cada una de las formulaciones. El uso de metabisulfito aumento la dureza, disminuy&#xF3; la masticabilidad mientras que la elasticidad y cohesividad no fueron afectadas. Las diferencias se hicieron m&#xE1;s notables hacia el d&#xED;a 15. De acuerdo con los atributos sensoriales evaluados, de manera general podemos decir que las calificaciones otorgadas por los panelistas para todos los atributos fueron mayores a 5.6, de una escala hed&#xF3;nica de 9 puntos, indicando la aceptaci&#xF3;n positiva de los atributos de los geles por parte de los consumidores, y de manera global; siendo el gel GSC g0.5. en de mayor aceptabilidad global (p &lt; 0.05).</subfield>
  </datafield>
  <datafield tag="520" ind1="3" ind2=" ">
    <subfield code="a">The possibility of producing a gel-like product using aloe (Aloe vera) and chocolate was developed, and its mechanical-sensorial properties were also determined. Four formulations were designed for the preparation of the gels with a mixture of pectin, grenetina and aloe in which a proximal analysis and a sensory evaluation were performed to evaluate the attributes of aroma, color, unitability, lumpiness,taste, texture, adhesiveness, taste residual, as well as a global acceptance test. In addition, to the gels are added metabisulfite and sodium benzoate to compare the textural characteristics at 1, 5 and 10 days through an instrumental texture analysis to each of the formulations. The use of metabisulfite increased the hardness, the chewiness decreased while the elasticity and cohesiveness were not affected. The differences became more noticeable towards day 15. According to the sensory attributes evaluated, in general we can say that the ratings given by the panelists for all the attributes were greater than 5.6, of a hedonic scale of 9 points, indicating the positive acceptance of the attributes of the gels by consumers, and globally; being the gel GSCg0.5 in greater overall acceptability (p &lt;0.05).</subfield>
  </datafield>
  <datafield tag="650" ind1="1" ind2="3">
    <subfield code="a">Aloe vera</subfield>
    <subfield code="x">Geles</subfield>
    <subfield code="2">atg</subfield>
  </datafield>
  <datafield tag="650" ind1="1" ind2="3">
    <subfield code="a">Chocolate</subfield>
    <subfield code="x">Geles</subfield>
    <subfield code="2">atg</subfield>
  </datafield>
  <datafield tag="650" ind1="1" ind2="3">
    <subfield code="a">Industria de la confiter&#xED;a  </subfield>
    <subfield code="2">atg</subfield>
  </datafield>
  <datafield tag="650" ind1="1" ind2="3">
    <subfield code="a">Geles</subfield>
    <subfield code="x">Propiedades fisicoqu&#xED;micas</subfield>
    <subfield code="2">atg</subfield>
  </datafield>
  <datafield tag="650" ind1="1" ind2="3">
    <subfield code="a">Geles</subfield>
    <subfield code="x">Valor nutritivo</subfield>
    <subfield code="2">atg</subfield>
  </datafield>
  <datafield tag="650" ind1="1" ind2="3">
    <subfield code="a">Aloe vera</subfield>
    <subfield code="x">Gels</subfield>
    <subfield code="2">atg</subfield>
  </datafield>
  <datafield tag="650" ind1="1" ind2="3">
    <subfield code="a">Chocolate</subfield>
    <subfield code="x">Gels</subfield>
    <subfield code="2">atg</subfield>
  </datafield>
  <datafield tag="650" ind1="1" ind2="3">
    <subfield code="a">Confectionery industry  </subfield>
    <subfield code="2">atg</subfield>
  </datafield>
  <datafield tag="650" ind1="1" ind2="3">
    <subfield code="a">Gels  </subfield>
    <subfield code="x">Physicochemical properties</subfield>
    <subfield code="2">atg</subfield>
  </datafield>
  <datafield tag="650" ind1="1" ind2="3">
    <subfield code="a">Gels  </subfield>
    <subfield code="x">Nutritive value</subfield>
    <subfield code="2">atg</subfield>
  </datafield>
  <datafield tag="700" ind1="1" ind2=" ">
    <subfield code="a">Sandoval Castilla, Ofelia</subfield>
    <subfield code="e">directora</subfield>
  </datafield>
  <datafield tag="700" ind1="1" ind2=" ">
    <subfield code="a">Hern&#xE1;ndez Rodr&#xED;guez, Landy</subfield>
    <subfield code="e">asesora</subfield>
  </datafield>
  <datafield tag="700" ind1="1" ind2=" ">
    <subfield code="a">Esparza Torres, F&#xE9;lix</subfield>
    <subfield code="e">asesor</subfield>
  </datafield>
  <datafield tag="856" ind1="4" ind2="1">
    <subfield code="u">http://10.13.5.2/tesis/sist115572.pdf</subfield>
    <subfield code="y">DESCARGAR PDF</subfield>
  </datafield>
  <datafield tag="901" ind1=" " ind2=" ">
    <subfield code="a">TESIS R637 2018</subfield>
  </datafield>
  <datafield tag="902" ind1=" " ind2=" ">
    <subfield code="a">M</subfield>
  </datafield>
  <datafield tag="905" ind1=" " ind2=" ">
    <subfield code="a">5232272018                          mx nml 8223123322spa16</subfield>
  </datafield>
  <datafield tag="942" ind1=" " ind2=" ">
    <subfield code="c">TESIS</subfield>
    <subfield code="2">Clasificaci&#xF3;n Universidad Aut&#xF3;noma Chapingo</subfield>
  </datafield>
  <datafield tag="999" ind1=" " ind2=" ">
    <subfield code="c">209740</subfield>
    <subfield code="d">209740</subfield>
  </datafield>
  <datafield tag="952" ind1=" " ind2=" ">
    <subfield code="0">0</subfield>
    <subfield code="1">0</subfield>
    <subfield code="2">local</subfield>
    <subfield code="4">0</subfield>
    <subfield code="5">1</subfield>
    <subfield code="7">0</subfield>
    <subfield code="8">TESIS</subfield>
    <subfield code="a">IA_</subfield>
    <subfield code="b">IA_</subfield>
    <subfield code="d">2022-06-01</subfield>
    <subfield code="e">El autor</subfield>
    <subfield code="l">0</subfield>
    <subfield code="o">Tesis R637 2018</subfield>
    <subfield code="p">1101013322</subfield>
    <subfield code="r">2022-06-01 00:00:00</subfield>
    <subfield code="t">Ej. 2</subfield>
    <subfield code="y">CD</subfield>
  </datafield>
  <datafield tag="952" ind1=" " ind2=" ">
    <subfield code="0">0</subfield>
    <subfield code="1">0</subfield>
    <subfield code="2">local</subfield>
    <subfield code="4">0</subfield>
    <subfield code="5">1</subfield>
    <subfield code="7">0</subfield>
    <subfield code="8">TESIS</subfield>
    <subfield code="a">IA_</subfield>
    <subfield code="b">IA_</subfield>
    <subfield code="d">2022-06-01</subfield>
    <subfield code="e">El autor</subfield>
    <subfield code="l">0</subfield>
    <subfield code="o">Tesis R637 2018</subfield>
    <subfield code="p">1101013321</subfield>
    <subfield code="r">2026-02-02 00:00:00</subfield>
    <subfield code="t">Ej. 1</subfield>
    <subfield code="y">TESIS</subfield>
  </datafield>
  <datafield tag="952" ind1=" " ind2=" ">
    <subfield code="0">0</subfield>
    <subfield code="1">0</subfield>
    <subfield code="2">local</subfield>
    <subfield code="4">0</subfield>
    <subfield code="7">0</subfield>
    <subfield code="8">TesDigL</subfield>
    <subfield code="a">IA_</subfield>
    <subfield code="b">IA_</subfield>
    <subfield code="c">E_L</subfield>
    <subfield code="d">2023-02-17</subfield>
    <subfield code="e">El autor</subfield>
    <subfield code="l">0</subfield>
    <subfield code="p">1201013321</subfield>
    <subfield code="r">2023-02-17 00:00:00</subfield>
    <subfield code="w">2023-02-17</subfield>
    <subfield code="y">TD</subfield>
  </datafield>
</record>
